[Event "Central America-chT (Women)"]
[Site "Managua"]
[Date "2015.07.29"]
[Round "4.3"]
[White "De Leon, Stephanie"]
[Black "Ortiz, Rosa Daniela"]
[Result "0-1"]
[WhiteElo "1654"]
[BlackElo "1566"]
[PlyCount "122"]
[EventDate "2015.07.27"]
[EventType "team-tourn"]
[EventRounds "5"]
[EventCountry "NCA"]
[SourceTitle "EXT 2016"]
[Source "ChessBase"]
[SourceDate "2015.10.08"]
[SourceVersion "1"]
[SourceVersionDate "2015.10.08"]
[SourceQuality "1"]
[WhiteTeam "El Salvador (W)"]
[BlackTeam "Honduras (W)"]
[WhiteTeamCountry "ESA"]
[BlackTeamCountry "HON"]

1. e4 e5 2. Nf3 Nc6 3. Bc4 Bc5 4. c3 Nf6 5. Qe2 a6 6. Bxf7+ Kxf7 7. Qc4+ d5 8. Qxc5 Nxe4 9. Qe3 Re8 10. 0-0 Kg8 11. d3 Nf6 12. Qg5 Ng4 13. h3 Qxg5 14. Bxg5 Nf6 15. Nbd2 Bf5 16. Ne1 h6 17. Bh4 g5 18. Bg3 Nh5 19. Bh2 Nf4 20. Nb3 Re7 21. Rd1 Rf8 22. Kh1 b6 23. d4 e4 24. Bg1 Rg7 25. g4 Be6 26. Kh2 h5 27. Kg3 hxg4 28. hxg4 Ne2+ 29. Kg2 Nf4+ 30. Kg3 Rh7 31. f3 Rh3+ 32. Kf2 Bxg4 33. Ke3 exf3 34. Kd2 f2 35. Rxf2 Bxd1 36. Kxd1 g4 37. Nd2 Ne7 38. Nf1 Neg6 39. Bh2 Ne6 40. Re2 Ngf4 41. Rf2 Nd3 42. Nxd3 Rxd3+ 43. Ke2 Rxf2+ 44. Kxf2 Rf3+ 45. Ke1 c5 46. Be5 Rd3 47. Ke2 Rh3 48. Ne3 cxd4 49. cxd4 g3 50. Ng2 Ng5 51. Bf4 Ne4 52. Kf3 Kf7 53. Bc7 b5 54. Bf4 Rh1 55. Ne3 Ke6 56. Nc2 Rf1+ 57. Kg4 g2 58. Bh2 g1Q+ 59. Bxg1 Rxg1+ 60. Kf3 Rf1+ 61. Ke3 Rf2 0-1

[Event "Pan American-ch U20 Girls"]
[Site "San Salvador"]
[Date "2015.07.20"]
[Round "7"]
[White "De Leon, Stephanie"]
[Black "Herrera, Marjorie"]
[Result "0-1"]
[WhiteElo "1654"]
[BlackElo "1555"]
[PlyCount "38"]
[EventDate "2015.07.16"]
[EventType "tourn"]
[EventRounds "9"]
[EventCountry "ESA"]
[SourceTitle "EXT 2016"]
[Source "ChessBase"]
[SourceDate "2015.10.08"]
[SourceVersion "1"]
[SourceVersionDate "2015.10.08"]
[SourceQuality "1"]

1. e4 e5 2. Bc4 Nc6 3. Nf3 Bc5 4. c3 Nf6 5. Qe2 0-0 6. b4 Bb6 7. a4 a6 8. d3 d5 9. Bb3 d4 10. Ba3 dxc3 11. b5 axb5 12. Bxf8 Qxf8 13. 0-0 Qb4 14. Qc2 bxa4 15. Qxc3 Qd6 16. Rxa4 Rxa4 17. Bxa4 Nd4 18. Nbd2 Ne2+ 19. Kh1 Nxc3 0-1